Statistics for Are you fast ? One,two... speed test

Click here to take the quiz!

General Stats

  • This quiz has been taken 39 times
  • The average score is 8 of 15

Answer Stats

NumbersLettersAnswer% Correct
1OneOne
100%
2TwoTwo
90%
3ThreeThree
85%
5FiveFive
80%
4FourFour
80%
7SevenSeven
75%
6SixSix
75%
8HeightHeight
30%
9NineNine
30%
10TenTen
30%
11ElevenEleven
20%
14FourteenFourteen
15%
13ThreeteenThreeteen
15%
12TwelveTwelve
15%
15FifteenFifteen
10%

Score Distribution

Percentile by Number Answered

Percent of People with Each Score

Your Score History

You have not taken this quiz